Copywriting : podrobný průvodce tvorbou textů, které prodávají /
Uloženo v:
| Hlavní autor: | |
|---|---|
| Médium: | E-kniha |
| Jazyk: | Czech |
| Vydáno: |
Brno :
Computer Press,
2011
|
| Vydání: | Vyd. 1. |
| Témata: | |
| Tagy: |
Žádné tagy |
| LEADER | 01483nam a2200385 a 4500 | ||
|---|---|---|---|
| 001 | 310829 | ||
| 003 | CZ PrSKC | ||
| 005 | 20260601215655.0 | ||
| 007 | ta | ||
| 008 | 110203s2011 xr a e f 001 0 cze | ||
| 015 | |a cnb002162349 | ||
| 020 | |a 9788025132692 |q (brož.) | ||
| 035 | |a (OCoLC)707610056 | ||
| 040 | |a ABA001 |b cze | ||
| 072 | 7 | |a 659 |x Reklama. Public relations. Média |2 Konspekt | |
| 080 | |a 659.131.2 |2 MRF | ||
| 080 | |a 81'42 |2 MRF | ||
| 080 | |a (035) |2 MRF | ||
| 100 | 1 | |a Horňáková, Michaela, |d 1987- |7 vse2011623658 |4 aut | |
| 245 | 1 | 0 | |a Copywriting : |b podrobný průvodce tvorbou textů, které prodávají / |c Michaela Horňáková |
| 250 | |a Vyd. 1. | ||
| 260 | |a Brno : |b Computer Press, |c 2011 | ||
| 300 | |a 252 s. : |b il. ; |c 23 cm | ||
| 500 | |a Obsahuje rejstřík | ||
| 650 | 0 | 7 | |a reklamní texty |7 ph116036 |2 czenas |
| 650 | 0 | 7 | |a psané texty |7 ph124767 |2 czenas |
| 650 | 0 | 9 | |a advertising copy |2 eczenas |
| 650 | 0 | 9 | |a written texts |2 eczenas |
| 655 | 7 | |a příručky |7 fd133209 |2 czenas | |
| 655 | 9 | |a handbooks and manuals |2 eczenas | |
| 900 | |a ABA001 |b 17 | ||
| 044 | |a xr | ||
| 910 | |a RBIT002 | ||
| 998 | |d 175301 |a https://core.palmknihy.cz/api/books/175301/cover?iyevc6 |b https://core.palmknihy.cz/api/books/175301/cover/400?shlozg |c https://core.palmknihy.cz/api/books/175301/cover/50?4p74yf |e 3999-12-31 |g 256 |i 9788025132692 |k https://core.palmknihy.cz/api/books/175301/preview.pdf |l |q 49 |r 1 |s https://www.palmknihy.cz/kniha/175301 |t ebook |y 2015 |z 0 | ||
| 999 | |d 310827 | ||